000 00482nam a2200193Ia 4500
005 20240823050334.0
008 240823s9999||||xx |||||||||||||| ||und||
020 _a978-81-239-1596-8
041 _aENGLISH
082 _A624.18341 Q3
100 _aSinha S N
245 0 _aReinforced Concrete Design
250 _a2nd
260 _c2013
_bMcGraw - Hill Higher Educ
_aNew York
500 _aYES
650 _aReinforced Concrete Design
_bCivil
942 _cBK
999 _c217021
_d217021